Χρονολόγιο Δημητρίου Βικέλα

Saved in:
Bibliographic Details
Main Author: Τερδήμου, Μαρία Ε.
Corporate Author: Βικελαία Δημοτική Βιβλιοθήκη
Format: Book
Language:Greek
Published: Ηράκλειον : Δήμος Ηρακλείου Κρήτης, c1991.
Subjects:
Tags: Add Tag
No Tags, Be the first to tag this record!

MARC

LEADER 00000cam a2200000 i 4500
001 1/35345
008 030421s1991 gr | ||| |||| ||gre||
035 |l 10069862 
040 |a GR-MyUa  |b gre  |e AACR2 
041 0 |a gre 
082 7 |a 928   |2 (21) 
100 1 |a Τερδήμου, Μαρία Ε. 
245 1 0 |a Χρονολόγιο Δημητρίου Βικέλα /   |c Μαρία Τερδήμου.  
260 |a Ηράκλειον :   |b Δήμος Ηρακλείου Κρήτης,   |c c1991.  
300 |a 130 σ. ;   |c 22 εκ. 
500 |a Εκδοτική φροντίδα: "Βικελαία Δημοτική Βιβλιοθήκη". 
600 1 7 |2 nlgaf  |a Βικέλας, Δημήτριος,   |d 1835-1908  |x Chronology. 
650 0 |a Authors, Greek (Modern)  |y 19th century  |x Chronology. 
710 2 |a Βικελαία Δημοτική Βιβλιοθήκη. 
852 |a INST  |b SYROS  |c KYK  |e 20030421  |h 928 ΤΕΡ  |p 005500003465  |q 005500003465  |t BK  |y 0 
901 |a BIBL5-2003-1 
970 |a Μανωλαράκη  |b Μαρία  |z 21/04/2003